000
00415nam a2200145Ia 4500
008
191206s9999 xx 000 0 und d
020
_a
1779220243
090
_a
MLCS02302P
245
0
_a
Masimba: Nyaya pfupi
250
_a
New rev. ed.
260
_a
Weaver Press
260
_c
c2004
300
_a
"x, 159 p. ; 20 cm."
999
_c
16452
_d
16452